000 004770000a22001570004500
003 MACL
005 20180223121251.0
008 180223b xxu||||| |||| 00| 0 eng d
040 _cmacl
100 _aजेैन,राजेश
_970567
245 _aकथा वृक्ष्‍ा
260 _bसाहित्‍य संस्‍थान भोपाल
_c2004
350 _a30
650 _aबाल साहित्‍य
_955186
942 _cHIN
_k741.642
_2ddc
999 _c21942
_d21942